| 000 | 00387nam a22001571a 4500 | ||
|---|---|---|---|
| 020 | _a81856169390 | ||
| 082 |
_a294.592 18 _bHAR/L |
||
| 100 | _aHaripada Chakravathi | ||
| 245 |
_aThe light of the Upanishads/ _cby Haripada Chakravathi |
||
| 260 |
_aNew Delhi: _bSharada, _c2003. |
||
| 300 | _a278p. | ||
| 650 | _aUpanishad | ||
| 650 | _aHinduism | ||
| 650 | _aReligion | ||
| 942 | _cBK | ||
| 999 |
_c25770 _d25770 |
||